Teoretické prístupy k modelovaniu dovozu a vývozu
Modelovanie doplnkového a výlučného dovozu a jeho vzťahy s vývozom. Jedným z rozhodujúcich faktorov v input-output modeloch je dovoz. Spôsoby zakomponovania do input-output tabuľky. Základné modelovacie prístupy dovozu a vývozu využitím input-output metodológie.
Salvato in:
| Autore principale: | |
|---|---|
| Natura: | Capitolo di libro |
| Lingua: | slovacco |
| Soggetti: | |
| Tags: |
Nessun Tag, puoi essere il primo ad aggiungerne!!
|
MARC
| LEADER | 00000nla a2200000 4500 | ||
|---|---|---|---|
| 001 | 0213631 | ||
| 005 | 20240604102606.2 | ||
| 041 | 0 | |a slo | |
| 044 | |a SK | ||
| 245 | 1 | 0 | |a Teoretické prístupy k modelovaniu dovozu a vývozu |c Patrik Kupkovič |
| 520 | |a Modelovanie doplnkového a výlučného dovozu a jeho vzťahy s vývozom. Jedným z rozhodujúcich faktorov v input-output modeloch je dovoz. Spôsoby zakomponovania do input-output tabuľky. Základné modelovacie prístupy dovozu a vývozu využitím input-output metodológie. | ||
| 610 | 2 | 0 | |a input-output |
| 610 | 2 | 0 | |a metóda input-output |
| 610 | 2 | 0 | |a modely ekonomicko-matematické |
| 610 | 2 | 0 | |a modely input-output |
| 610 | 2 | 0 | |a analýza nákladov a výnosov |
| 100 | 1 | |a Kupkovič, Patrik | |